| 000 | 00451nam a2200181 4500 | ||
|---|---|---|---|
| 001 | 100425 | ||
| 003 | ES-MaACL | ||
| 005 | 20230906182655.0 | ||
| 007 | t| | ||
| 008 | 050928s1934 sp |||| | spa d | ||
| 080 | _a821.134.2-31"19" | ||
| 100 | 1 |
_aMás, José. _978616 |
|
| 245 | 1 | 3 |
_aEl rastrero _b: novela / _cJosé Más. |
| 250 | _a2ª ed. | ||
| 260 |
_aMadrid : _bPueyo, _c1934. |
||
| 300 |
_a285 p. ; _c19 cm. |
||
| 852 | 4 |
_aES-MaACL _jA-4563 |
|
| 999 |
_c100425 _d100425 |
||